Länder mit dem höchsten Handelsvolumen - Statistiken

Allgemein
  • Dieses Quiz wurde 26 mal gespielt
  • Das Durchschnittsergebnis liegt bei 18 aus 20
Antwortstatistiken
Volumen Land % Korrekt
6,5 Bio. China
100%
3,6 Bio. Deutschland
100%
2,1 Bio. Frankreich
100%
1,7 Bio. Indien
100%
1,4 Bio. Kanada
100%
1,1 Bio. Spanien
100%
2,2 Bio. Vereinigtes Königreich
100%
1,5 Bio. Italien
96%
1,7 Bio. Japan
96%
1,3 Bio. Mexiko
96%
835 Mrd. Russland
96%
1,5 Bio. Südkorea
96%
6,7 Bio. USA
91%
1,9 Bio. Niederlande
87%
927 Mrd. Polen
87%
1,0 Bio. Belgien
78%
1,2 Bio. Schweiz
78%
1,6 Bio. Singapur
57%
1,0 Bio. VAE
57%
1,3 Bio. Irland
48%
Keine übereinstimmenden Quizze gefunden
Verteilung der Resultate
Anzahl Personen mit jedem Resultat
Perzentil nach korrekt beantworteten Fragen
Ihre Resultats-Entwicklung
Sie haben dieses Quiz noch nicht gespielt